00656 2200217 4500001002100000005001700021008004100038035002400079082001100103090001800114100003700132245012100169250001100290260004100301300002400342650002100366850001500387980001500402985000600417999001500423YOGYA-0209000004148120090227025756.0 ind  0010-020900000041481 a333.76 a333.76bInd T aINDONESIA. Badan Urusan Logistik aTata cara pelaksanaan pengadaan pangan dalam negeri melalui satuan tugas operasional (satgas ada) No. INS-06/12/1986 aCet. 1 aJakartabBadan Urusan Logistikc1987 a35 hlmbilusc21 cm aPertanian daerah aYOPDYOG(B) a06-25-2007 a1 a07A0022952